000 00710nam a2200265Ia 4500
001 24221
005 20240114000757.0
007 ta
008 060406s1990 g b000 u 465 u
040 _aCotton College,Assam
041 _a465
082 _a542
_bBa 23 La
100 _aBansal, Raj K. .
245 0 _aLaboratory Manual of Organic Chemistry /
_cRaj K.Bansal.
_hTextual Documents
250 _a2nd ed. /
260 _aNew Delhi :
_bWiley Eastern ,
_c1990.
300 _axi,232p. ;
_c23cm.
504 _aIndex
653 _aManual-Organic Chemistry
653 _aOrganic Chemistry-Manual
653 _aG-Chemistry
942 _2ddc
_cBK
999 _c24203
_d24203